00625 2200217 4500245010000000020002200100250001100122100003300133700001900166700002300185650002400208650001000232650001400242650001900256005001900275260005700294041001400351084000800365300002500373336000900398 aBuku Panduan Guru Dasar-Dasar Kuliner untuk SMK/MAK Kelas XcNurul Khasanah WahyuningtyashText a978-602-427-933-2 aCet. 1 aNurul Khasanah Wahyuningtyas aNurul Hasbiana aImtam Rus Ernawati aDasar-dasar Kuliner aEbook aBuku Guru aBuku Pelajaran a20240920071043 aJakartabKementerian Pendidikan dan Kebudayaanc2022 aIndonesia a641 axvi, 288 hlm. :cPDF atext